La imprenta en Bogota y La Inquisicion en Cartagena de Indias /

Bibliographic Details
Main Author: Medina, José Toribio, 1852-1930
Format: Book
Language:Spanish
Published: Bogota : Biblioteca Nacional de Colombia, 1952.
Subjects:

MARC

Tag First Indicator Second Indicator Subfields
LEADER 00000cam a2200000 a 4500
001 in00000069767
005 20151008054552.0
008 800506s1952 ck b 00110 spa d
035 |a (OCoLC)06285524 
035 |9 AAJ1040AM 
040 |a FQG  |c FQG  |d m.c.  |d TXA  |d UtOrBLW 
043 |a s-ck--- 
049 |a TXAM  |c [1481784] 
090 |a Z213.B7  |b M4 1904a 
100 1 |a Medina, José Toribio,  |d 1852-1930. 
245 1 3 |a La imprenta en Bogota y La Inquisicion en Cartagena de Indias /  |c Jose Toribio Medina. 
264 1 |a Bogota :  |b Biblioteca Nacional de Colombia,  |c 1952. 
300 |a 424 pages ;  |c 24 cm. 
336 |a text  |b txt  |2 rdacontent 
337 |a unmediated  |b n  |2 rdamedia 
338 |a volume  |b nc  |2 rdacarrier 
500 |a "Publicacion de la Biblioteca Nacional de Colombia, con motivo del primer centenario del nacimiento del senor Jose Toribio Medina." 
500 |a Includes indexes. 
505 0 |a La imprenta en Bogota (1739-1821) 1904 -- Historia del Tribunal del Santo Oficio de la Inquisicion de Cartagena de las Indias. 1899. 
650 0 |a Printing  |x History  |z Colombia  |z Bogotá. 
650 0 |a Colombian literature  |z Colombia  |z Bogotá  |x Bibliography. 
700 1 2 |a Medina, José Toribio,  |d 1852-1930.  |t Historia del Tribunal del Santo Oficio de la Inquisición de Cartagena de las Indias.  |f 1952. 
740 0 |a Historia del Tribunal del Santo Oficio de la Inquisicion de Cartagena de las Indias. 
999 |a MARS 
999 f f |s 76f9d479-c0d1-3011-8e54-469daa69a045  |i 4262b306-fd93-36f9-b321-94cd22d63b41  |t 0 
952 f f |p ric  |a Texas A&M University  |b Rellis Campus  |c Joint Library Facility  |d Remote Storage  |t 0  |e Z213.B7 M4 1904a  |h Library of Congress classification  |i unmediated -- volume  |m A14806261863 
998 f f |a Z213.B7 M4 1904a  |t 0  |l Remote Storage